| 000 | 00407nam a2200169Ia 4500 | ||
|---|---|---|---|
| 008 | 230524s9999 xx 000 0 und d | ||
| 020 | _a8120301498 | ||
| 082 |
_a621.3815 _bLEE |
||
| 100 | _aSamuel C.Lee | ||
| 245 | 0 | _aDigital Circuits and Logic Design | |
| 250 | _a10TH | ||
| 260 |
_aNEW DELHI _bPHI _c2002 |
||
| 300 | _aXII;594 | ||
| 500 | _aQuantity Number: 4 | ||
| 650 | _aElectronics | ||
| 942 | _cBK | ||
| 999 |
_c7224 _d7224 |
||